00419 2200169 4500001002100000008004100021035002000062245003100082100001500113260004600128300001200174020002200186084001400208082000800222650001000230990000900240INLIS000000000003018 ind  a0010-0623000023 aAlexander AgungcRob Shone aShone, Rob aJakarta :bPT Elex media Komputindoc2009 a47 hlm. a978-979-27-5669-2 a741 ALE r a741 aKomik a2938